| LEADER | 01774nam a2200409 i 4500 | ||
|---|---|---|---|
| 001 | 311406 | ||
| 003 | CZ PrSKC | ||
| 005 | 20260601215705.0 | ||
| 007 | ta | ||
| 008 | 210908s2021 xr g 000 f cze | ||
| 015 | |a cnb003350972 | ||
| 020 | |a 9788075940896 |q (brožováno) | ||
| 035 | |a (OCoLC)1284974235 | ||
| 040 | |a ABG001 |b cze |d ABA001 |e rda | ||
| 072 | 7 | |a 821.162.3-3 |x Česká próza |2 Konspekt | |
| 080 | |a 821.162.3-31 |2 MRF | ||
| 080 | |a (0:82-311.9) |2 MRF | ||
| 100 | 1 | |a Sekerka, Tomáš, |d 1988- |7 xx0251298 |4 aut | |
| 245 | 1 | 0 | |a Clona. |n II, |p Otrok megaměsta / |c Tomáš Sekerka |
| 246 | 3 | 0 | |a Otrok megaměsta |
| 250 | |a 1. vydání | ||
| 264 | 1 | |a Ostrava : |b Fantom Print, |c 2021 | |
| 300 | |a 303 stran ; |c 21 cm | ||
| 336 | |a text |b txt |2 rdacontent | ||
| 337 | |a bez média |b n |2 rdamedia | ||
| 338 | |a svazek |b nc |2 rdacarrier | ||
| 520 | 2 | |a Pokračování sci-fi série navazující na díl Nájezdník z Pustiny. |b Příběh Erika Gaileyho pokračuje. Přežil a zůstal sám, má se z něho stát otrok, lidský automat plnící rozkazy druhých. To se mu nelíbí a chystá se vzbouřit. | |
| 655 | 7 | |a české romány |7 fd133974 |2 czenas | |
| 655 | 7 | |a vědecko-fantastické romány |7 fd133847 |2 czenas | |
| 655 | 9 | |a Czech fiction |2 eczenas | |
| 655 | 9 | |a science fiction novels |2 eczenas | |
| 787 | 0 | 8 | |i Z cyklu: |t Clona |g 2 |
| 900 | |a ABA001 |b 21 | ||
| 044 | |a xr | ||
| 910 | |a RBIT002 | ||
| 998 | |d 335007 |a https://core.palmknihy.cz/api/books/335007/cover?qz2dkd |b https://core.palmknihy.cz/api/books/335007/cover/400?qz2dkd |c https://core.palmknihy.cz/api/books/335007/cover/50?qz2dkd |e 2027-09-03 |g 304 |i 9788075940896 |j https://core.palmknihy.cz/api/books/335007/preview.epub |l |q 49 |r 1 |s https://www.palmknihy.cz/kniha/335007 |t ebook |y 2021 |z 0 |v Clona |w 2 | ||
| 999 | |d 311404 | ||